000 01020nam a2200289 a 4500
001 000005599
005 20251124091422.0
008 090820s2002 dr 001 0 spa d
020 _a9993454141
040 _aDO-SdBNP
082 _a328.3
_bS583m
100 1 _a Silié Gatón, José A.,
_d1920-2014
_9747
245 1 0 _aManual de ética parlamentaria /
_cJosé A. Silié Gatón; Jorge Tena Reyes prólogo.
260 _aSanto Domingo :
_bEdiciones de la Fundación Corripio,
_c2002.
300 _a290 p. ;
_c24 cm.
440 1 _aColección Prisma
_vvol. VIII
_915804
500 _aIncluye índice
500 _aIncluye notas al pie de páginas
504 _aIncluye referencias bibliográficas (p. 283)
650 4 _aPrácticas parlamentarias
_915805
650 4 _aActos legislativos
_zRepública Dominicana
_915806
650 4 _aCuerpos legislativos
_xÉtica
_915807
650 4 _aInmunidad parlamentaria
_915808
650 0 _aÉtica legal
_96420
700 1 _aTena Reyes, Jorge,
_epról.
_98252
049 _aBNPD
999 _c5398
_d5398